000 00610nam a22001937a 4500
003 OSt
005 20260303002943.0
008 260202b |||||||| |||| 00| 0 eng d
020 _a978-971-27-2182-3
040 _aDWCL-Main Lib
_cOC
082 _aFil. 959.90747 C833 2009
245 _aCory : an intimate portrait
260 _aPasig City :
_bAnvil Publishing,
_cc2009.
300 _a290 p. :
_bill. ;
_c23 cm.
650 _aAquino, Corazon Cojuangco - Administration, 1986-1992.
650 _aAquino, Corazon Cojuangco, 1933-2009.
700 _aJuico,Margie Penson
_eEditor
942 _2ddc
_cBK - FIL
_mFil.
_n0
999 _c8111
_d8111